Quiz o Sosnowcu - Statystyki

Ogólne statystyki
  • Ten quiz został rozwiązany 737 razy
  • Średni wynik to 7 z 18
Statystyki odpowiedzi
Pytanie Odpowiedź % Poprawnych
Miasta graniczne Sosnowca: Katowice | Mysłowice | Jaworzno | Sławków | Czeladź | Będzin | Dąbrowa Górnicza
90%
Pierwsza część rejestracji: SO
86%
Kolory znajdujące się na fladze miasta: biały | niebieski
65%
Droga ekspresowa, która przechodzi przez jego terytorium: S1 | S86
62%
Rzeki przepływające przez Sosnowiec: Czarna Przemsza | Biała Przemsza | Brynica | Bobrek | Potok Zagórski | Jamki | potok Dańdówka
52%
Kraina historyczna, w której znajduje się większość miasta: Małopolska
49%
Polski śpiewak operowy i aktor urodzony i wychowany w Sosnowcu: Jan Kiepura
43%
Prezydent: Arkadiusz Chęciński
42%
Jak nazywa się dawny trójstyk Prus, Austrii i Rosji, który leży na terenie Sosnowca? Trójkąt Trzech Cesarzy
31%
Nazwa jednego z najlepszych klubów piłkarskich w Polsce i dzielnicy Sosnowca: Pogoń
30%
Rok, w którym uzyskał prawa miejskie: 1902
29%
Jak potocznie nazywa się najwyższy budynek w mieście? Żyleta
28%
Jak kiedyś nazywał się Sosnowiec? Sosnowka | Sosnowice | Sosnowitz
25%
Nazwa największego jeziora Centralnej Europy i stawu rekreacyjno-odpoczynkowego w Sosnowcu: Balaton
23%
Miasta partnerskie Sosnowca: Suczawa | Les Mureaux | Komárom | Roubaix | Casablanka Maârif | Idar-Oberstein | Dergacze | Dziwnów | Krynica-Zdrój | Sambor
18%
Konsulat jakiego państwa znajduje się w Sosnowcu? Bangladesz
14%
Polski działacz społeczny i niepodległościowy, żołnierz, polityk, mąż stanu oraz Honorowy Obywatel Miasta Sosnowca: Józef Piłsudski
14%
Najbardziej ikoniczny budynek miasta: Pałac Ernsta Schöna
11%
Nie znaleziono quizów pasujących do podanych kryteriów
Rozkład punktacji
Procent ludzi z każdym wynikiem
Percentyl według liczby udzielonych odpowiedzi
Twoja historia wyników
Nie rozwiązałeś tego quizu